000 00268nam a2200109Ia 4500
008 200302s9999 xx 000 0 und d
100 _aStone Wu
245 _aLandscape record Planting design
260 _bBimonthly by profession design
260 _c2015
300 _a128
999 _c6202
_d6202